Journal of water resources planning and management
The present study aims at the application of the hybrid model, which consist of artificial neural network and fuzzy logic in the reservoir operating policy during critical periods. The proposed hybrid model combines the learning ability of artificial neaural networks and the transparent nature of fu...
Saved in:
| Corporate Author: | |
|---|---|
| Format: | Book |
| Language: | Undetermined |
| Published: |
Bruce Gossett
Managing Director and Publisher
2009
|
| Subjects: | |
| Tags: |
Add Tag
No Tags, Be the first to tag this record!
|
| Institutions: | Trung tâm Học liệu Trường Đại học Cần Thơ |
|---|
| LEADER | 01089nam a2200205Ia 4500 | ||
|---|---|---|---|
| 001 | CTU_173077 | ||
| 008 | 210402s9999 xx 000 0 und d | ||
| 082 | |a 333.91 | ||
| 082 | |b A512/Vol.135 | ||
| 110 | |a American Society of Civil Engineers | ||
| 245 | 0 | |a Journal of water resources planning and management | |
| 245 | 0 | |c American Society of Civil Engineers, Environmental and Water Reources Institute Governing Board | |
| 260 | |a Bruce Gossett | ||
| 260 | |b Managing Director and Publisher | ||
| 260 | |c 2009 | ||
| 520 | |a The present study aims at the application of the hybrid model, which consist of artificial neural network and fuzzy logic in the reservoir operating policy during critical periods. The proposed hybrid model combines the learning ability of artificial neaural networks and the transparent nature of fuzzy logic. | ||
| 650 | |a Water resources development,Water,Phát triển tài nguyên nước,Nước | ||
| 650 | |x Periodicals,Ấn phẩm định kỳ | ||
| 904 | |i Lan, N.anh, Năm | ||
| 980 | |a Trung tâm Học liệu Trường Đại học Cần Thơ | ||